K teórii a praxi rodinnej politiky. 5
Chápanie rodinnej politiky. Rozhodovanie pre rodičovstvo. Rodinná politika a priestor pre slobodu v rodine. Hlavné kritériá, podľa ktorých je možné hodnotiť konkrétne opatrenia a rozhodnutia rodinnej politiky. (Záver seriálu článkov).
Na minha lista:
| Autor principal: | |
|---|---|
| Formato: | Capítulo de Livro |
| Idioma: | eslovaco |
| Assuntos: | |
| Tags: |
Sem tags, seja o primeiro a adicionar uma tag!
|
MARC
| LEADER | 00000naa a2200000 4500 | ||
|---|---|---|---|
| 001 | r021360 | ||
| 005 | 20230807094044.3 | ||
| 041 | 0 | |a slo | |
| 044 | |a SK | ||
| 245 | 1 | 0 | |a K teórii a praxi rodinnej politiky. 5 |c M. Wingen |
| 520 | |a Chápanie rodinnej politiky. Rozhodovanie pre rodičovstvo. Rodinná politika a priestor pre slobodu v rodine. Hlavné kritériá, podľa ktorých je možné hodnotiť konkrétne opatrenia a rozhodnutia rodinnej politiky. (Záver seriálu článkov). | ||
| 610 | 2 | 0 | |a politika rodinná |
| 610 | 2 | 0 | |a rodina |
| 610 | 2 | 0 | |a spoločnosť |
| 610 | 2 | 0 | |a postoje |
| 100 | 1 | |a Wingen, M. | |